Bigger Than the US Quiz Stats

 Plays Quiz Updated May 3, 2016

Challenge
Share
Tweet
Embed
Score 0/13 Timer 05:00
8 Plays Today
% Correct
Earth's Moon (total surface area)
81.5%
Canada
78.9%
Two-thirds of Russia
77.8%
Asia
76.3%
Brazil and Mongolia put together
69.9%
Antarctica
65.2%
Pluto (total surface area)
63.9%
Five times the largest country in the Middle East
60.9%
Southern Ocean
56.3%
2% of Earth's total surface area
55.9%
Arctic Ocean
52.1%
Europe
51.5%
Four-thirds of Australia
50.3%

You're not logged in!

Compare scores with friends on all Sporcle quizzes.
OR
Log In

You Might Also Like...

Show Comments

Extras

Top Quizzes Today


Score Distribution

Your Account Isn't Verified!

In order to create a playlist on Sporcle, you need to verify the email address you used during registration. Go to your Sporcle Settings to finish the process.

Report this User

Report this user for behavior that violates our Community Guidelines.

Details: